| 000 | 00717nam a2200205 i 4500 | ||
|---|---|---|---|
| 001 | 142558 | ||
| 003 | ES-MaACL | ||
| 005 | 20250702063105.0 | ||
| 007 | t| | ||
| 008 | 071008s1953 sp af |||| | spa d | ||
| 100 | 1 |
_aWilde, Oscar, _d1854-1900 _9241147 |
|
| 245 | 1 | 0 |
_aSalomé _b: drama en un acto / _cOscar Wilde ; traducción de Manuel Conde López ; aguafuertes y ornamentos de Andrés Lambert. |
| 260 |
_aMadrid : _bMayfé, _c1953. |
||
| 300 |
_a99 p., [10] h. de lám. col. sueltas : _bil. ; _c31 cm. |
||
| 599 | _aLas [10] h. de lám. son aguafuertes. | ||
| 700 | 1 |
_aConde López, Manuel. _940125 |
|
| 700 | 1 |
_aLambert, Andrés. _969805 |
|
| 852 |
_aES-MaACL _jC-29025 |
||
| 999 |
_c142558 _d142558 |
||